01001nab a22002297a 4500999001500000003000400015005001700019008004100036040000700077100002900084245008100113260007300194300001500267500003600282505012200318505008200440650002300522650003300545650002500578773015500603942001300758 c5566d5566OSt20251218101137.0190429b xxu||||| |||| 00| 0 spa d cPJ 96545aCasas, Sebastián10aEnsayo sobre el derecho penal en la era de la big data /cSebastián Casas. cCiudad Autónoma de Buenos Aires :aThomson Reuters La Ley, b2025. ap. 199-223 aCita: TR LALEY AR/DOC/396/2025. aSumario: I. Estado de situación.— II. Y en el medio los mismos de siempre.— III. Big data y últimas palabras. tSi te interesa el texto completo, solicitalo a koha@justierradelfuego.gov.ar  09343aDERECHO PENAL 096081aCIENCIA Y TECNOLOGÍA 092486aCRIMINOLOGÍA0 0265893164tRevista de derecho penal y criminología. Nº 3 - Abril 2025dCiudad Autónoma de Buenos Aires : Thomson Reuters La Ley, 2017-x00347914 2udccANA